Statistiques concernant Villes les plus visitées d'Europe

Cliquez ici pour prendre le quiz!

Statistiques générales

  • Ce quiz a été pris 309 fois
  • Le résultat moyen est 21 sur 30

Statistiques - réponses

Visiteurs en 2019Ville% Correct
19.087.900Paris
100%
19.559.900Londres
96%
5.597.800Madrid
96%
10.317.000Rome
96%
6.195.800Berlin
95%
7.016.600Barcelone
94%
3.639.900Lisbonne
89%
5.969.000Moscou
89%
4.276.000Bruxelles
85%
6.604.400Milan
85%
6.301.300Athènes
84%
8.835.400Amsterdam
83%
5.462.100Dublin
82%
6.634.700Vienne
78%
9.150.900Prague
75%
2.827.000Varsovie
75%
4.025.400Budapest
74%
5.590.500Venise
74%
4.205.500Munich
71%
2.491.700Porto
70%
3.185.600Copenhague
68%
2.721.900Stockholm
68%
14.715.900Istanbul
65%
4.457.200Saint-Pétersbourg
61%
2.582.700Nice
52%
5.125.700Florence
49%
2.728.100Francfort
39%
2.910.000Cracovie
36%
3.034.600Héraklion
8%
2.414.800Rhodes
5%

Distribution des résultats

Percentile par nombre de réponses

% des personnes avec chaque résultat

Votre développement - résultats

Vous n’avez pas pris ce quiz